|
|
|
|
| LEADER |
02104nem a2200493 a 4500 |
| 001 |
nkc20112197123 |
| 003 |
CZ PrNK |
| 005 |
20111102152431.0 |
| 007 |
ad canzn |
| 008 |
110616s2010 xr z bk e 0 cze |
| 015 |
|
|
|a cnb002197123
|
| 020 |
|
|
|a 978-80-244-2698-3
|q (brož.)
|
| 034 |
1 |
|
|a a
|b 50000
|
| 034 |
1 |
|
|a a
|b 35000
|
| 040 |
|
|
|a BOA001
|b cze
|d ABA001
|
| 041 |
0 |
|
|a cze
|b eng
|
| 043 |
|
|
|a e-xr---
|b e-xr-ol
|2 czenas
|
| 072 |
|
7 |
|a 913(437)
|x Geografie Česka a Slovenska, reálie, cestování
|2 Konspekt
|9 7
|
| 080 |
|
|
|a 913(437.325)
|2 MRF
|
| 080 |
|
|
|a 912.43:911.375
|2 MRF
|
| 080 |
|
|
|a (084.41)
|2 MRF
|
| 100 |
1 |
|
|a Burian, Jaroslav,
|d 1983-
|7 jx20061121025
|4 aut
|
| 245 |
1 |
0 |
|a Vývoj města Olomouce v letech 1930-2009 na základě analýzy funkčních ploch
|h [kartografický dokument] =
|b Development of Olomouc city in 1930-2009 based on analysis of functional areas /
|c Jaroslav Burian a kolektiv
|
| 246 |
3 |
1 |
|a Development of Olomouc city in 1930-2009 based on analysis of functional areas
|
| 250 |
|
|
|a 1. vyd.
|
| 255 |
|
|
|a Měřítko 1:50 000
|
| 255 |
|
|
|a Měřítko 1:35 000
|
| 260 |
|
|
|a Olomouc :
|b Univerzita Palackého v Olomouci pro Katedru geoinformatiky,
|c 2010
|
| 300 |
|
|
|a 1 atlas (4 mapové listy, 16 s.) :
|b barev. ;
|c 29 cm
|
| 490 |
1 |
|
|a M.A.P.S. (Maps and Atlas Product Series) ;
|v 2
|
| 500 |
|
|
|a Ve společném papírovém obalu
|
| 500 |
|
|
|a Křovákovo konformní kuželové zobrazení v souřadnicovém systému S-JTSK
|
| 500 |
|
|
|a Historický vývoj města Olomouce, analýza vývoje prostorových struktur, urbanizační procesy, kartografický projekt
|
| 546 |
|
|
|a Název česky a anglicky
|
| 651 |
|
7 |
|a Olomouc (Česko)
|7 ge130299
|2 czenas
|
| 655 |
|
7 |
|a plány měst
|7 fd133027
|2 czenas
|
| 655 |
|
7 |
|a geografické atlasy
|7 fd132400
|2 czenas
|
| 710 |
2 |
|
|a Univerzita Palackého.
|b Katedra geoinformatiky
|7 kn20061121007
|
| 830 |
|
0 |
|a M.A.P.S.
|0 s
|
| 910 |
2 |
|
|a BOA001
|b 4-1269.423
|
| 990 |
|
|
|a MP
|
| 995 |
|
|
|a 01
|
| 991 |
|
|
|b 201107
|c NOV
|e n
|
| 996 |
6 |
|
|b 2610482712
|c 4-1269.423
|l MZK
|r Sklad / do 1 hodiny
|n 4
|p p.v.
|w 001187428
|u 000010
|a 1
|e BOA001
|j MZK50
|s P
|